ARRUPE JESUIT UNIVERSITY

CORONAVIRUS -STOP THE SPREAD - CLEAN,DISINFECT,COVER

Catholic evangelization among the Ndebele of Zimbabwe / (Record no. 125330)

MARC details
000 -LEADER
fixed length control field 01158cam a22003255a 4500
001 - CONTROL NUMBER
control field 13696575
003 - CONTROL NUMBER IDENTIFIER
control field ARRUPE
005 - DATE AND TIME OF LATEST TRANSACTION
control field 20160926104924.0
008 - FIXED-LENGTH DATA ELEMENTS--GENERAL INFORMATION
fixed length control field 040824s2004 gw b 000 0 eng d
010 ## - LIBRARY OF CONGRESS CONTROL NUMBER
LC control number 2004441038
020 ## - INTERNATIONAL STANDARD BOOK NUMBER
International Standard Book Number 3805005156
035 ## - SYSTEM CONTROL NUMBER
System control number (OCoLC)ocm55602767
040 ## - CATALOGING SOURCE
Original cataloging agency VCB
Transcribing agency VCB
Modifying agency OCLCQ
-- DLC
042 ## - AUTHENTICATION CODE
Authentication code lccopycat
043 ## - GEOGRAPHIC AREA CODE
Geographic area code f-rh---
050 00 - LIBRARY OF CONGRESS CALL NUMBER
Classification number BV3777.Z55M36 2004
082 00 - DEWEY DECIMAL CLASSIFICATION NUMBER
Classification number 266/.2689108996398
Edition number 22
300 ## - PHYSICAL DESCRIPTION
Dimensions 24 cm.
100 1# - MAIN ENTRY--PERSONAL NAME
Personal name Manunga-Lukokisa, Godefroid.
9 (RLIN) 26134
245 10 - TITLE STATEMENT
Title Catholic evangelization among the Ndebele of Zimbabwe /
Statement of responsibility, etc Godefroid Manunga-Lukokisa.
260 ## - PUBLICATION, DISTRIBUTION, ETC. (IMPRINT)
Place of publication, distribution, etc Nettetal :
Name of publisher, distributor, etc Steyler Verlag,
Date of publication, distribution, etc 2004.
300 ## - PHYSICAL DESCRIPTION
Extent 267 p. ;
440 #0 - SERIES STATEMENT/ADDED ENTRY--TITLE
Title Studia Instituti Missiologici Societatis Verbi Divini,
International Standard Serial Number 0562-2816 ;
Volume number/sequential designation Nr. 84
9 (RLIN) 26135
504 ## - BIBLIOGRAPHY, ETC. NOTE
Bibliography, etc Includes bibliographical references (p. 249-267).
610 20 - SUBJECT ADDED ENTRY--CORPORATE NAME
Corporate name or jurisdiction name as entry element Catholic Church
Geographic subdivision Zimbabwe.
9 (RLIN) 26136
650 #0 - SUBJECT ADDED ENTRY--TOPICAL TERM
Topical term or geographic name as entry element Evangelistic work
Geographic subdivision Zimbabwe.
9 (RLIN) 26137
650 #0 - SUBJECT ADDED ENTRY--TOPICAL TERM
Topical term or geographic name as entry element Ndebele (African people)
9 (RLIN) 22246
906 ## - LOCAL DATA ELEMENT F, LDF (RLIN)
a 7
b cbc
c copycat
d 3
e ncip
f 20
g y-gencatlg
942 ## - ADDED ENTRY ELEMENTS (KOHA)
Source of classification or shelving scheme Library of Congress Classification
Koha item type Monograph ( Printed materials)
Holdings
Withdrawn status Lost status Source of classification or shelving scheme Damaged status Not for loan Collection code Home library Current library Shelving location Date acquired Total Checkouts Full call number Barcode Date last seen Date checked out Price effective from Koha item type
    Library of Congress Classification     Main Collection ARRUPE LIBRARY ARRUPE LIBRARY Main Collection 26/09/2016 1 BV3777.Z55M36 2004 46500010073 24/01/2017 17/10/2016 26/09/2016 Monograph ( Printed materials)

 

Arrupe Library. PO Box MP320 Mt Pleasant, Harare, Zimbabwe
263 242 745411|librarian@aju.ac.zw